000 00346 a2200145 4500
001 76242
020 _a978-85-7951-066-3
040 _cAnchieta - Colégio São Paulo
240 1 0 _aO Brasil somos todos nós 5º ano
_lpor
245 1 0 _aO Brasil somos todos nós 5º ano
300 _a128
362 0 _a2010
650 4 _aBrasil
942 _cBK
999 _c76242
_d76242